| 000 | 00457cam a2200193ua 4500 | ||
|---|---|---|---|
| 001 | 7751 | ||
| 008 | 141223n ii |||gr||||Z||||||asm | ||
| 040 | _cMAIN | ||
| 041 | _aasm | ||
| 082 | _a305.231 | ||
| 100 |
_aBaruah, B., _eAuthor. |
||
| 245 |
_aSafal abhibhakattar sabi-kathi _cBy Bina Baruah |
||
| 250 | _a1st. | ||
| 260 |
_aJorhat: _bLila sahitya, _c2011. |
||
| 300 | _a118p. | ||
| 653 | _aSocial groups | ||
| 653 | _aChilddevelopment | ||
| 942 | _cBK | ||
| 999 |
_c6872 _d6872 |
||